Derecho Económico : derecho civil (parte general). Obligaciones. Familia. Contratos. Reales /

Guardado en:
Autor Principal: Lovece, Graciela.
Otros Autores: Ghersi, Carlos A.
Formato: Libro
Idioma:Spanish
Publicado: Buenos Aires : Errepar, 2013.
Edición:1a. ed.
Materias:
Etiquetas: Agregar Etiqueta
Sin Etiquetas, Sea el primero en etiquetar este registro!
LEADER 00571nam a22001695a 4500
001 DER.der014133
008 190920s2013####ag#||||||||||||||#||spa||
005 20251202134443.0
245 1 0 |a Derecho Económico :  |b derecho civil (parte general). Obligaciones. Familia. Contratos. Reales /  |c Graciela Lovece y Carlos A . Ghersi. 
250 |a 1a. ed. 
260 |a Buenos Aires :  |b Errepar,  |c 2013. 
300 |a 749 p. 
020 |a 9789870115106 
100 1 |a Lovece, Graciela. 
700 1 |a Ghersi, Carlos A. 
653 |a DERECHO ECONÓMICO 
859 |a DERECHO  |b BIB. DERECHO  |h 343.07  |i LOV  |p 009372